<?xml version="1.0" encoding="UTF-8"?><?xml-stylesheet type="text/xsl" href="static/style.xsl"?><OAI-PMH xmlns="http://www.openarchives.org/OAI/2.0/" xmlns:xsi="http://www.w3.org/2001/XMLSchema-instance" xsi:schemaLocation="http://www.openarchives.org/OAI/2.0/ http://www.openarchives.org/OAI/2.0/OAI-PMH.xsd"><responseDate>2026-04-17T07:57:57Z</responseDate><request verb="GetRecord" identifier="oai:www.recercat.cat:2099.1/18611" metadataPrefix="marc">https://recercat.cat/oai/request</request><GetRecord><record><header><identifier>oai:recercat.cat:2099.1/18611</identifier><datestamp>2025-07-23T03:14:08Z</datestamp><setSpec>com_2072_1033</setSpec><setSpec>col_2072_452951</setSpec></header><metadata><record xmlns="http://www.loc.gov/MARC21/slim" xmlns:dcterms="http://purl.org/dc/terms/" xmlns:xsi="http://www.w3.org/2001/XMLSchema-instance" xmlns:doc="http://www.lyncode.com/xoai" xsi:schemaLocation="http://www.loc.gov/MARC21/slim http://www.loc.gov/standards/marcxml/schema/MARC21slim.xsd">
   <leader>00925njm 22002777a 4500</leader>
   <datafield ind2=" " ind1=" " tag="042">
      <subfield code="a">dc</subfield>
   </datafield>
   <datafield ind2=" " ind1=" " tag="720">
      <subfield code="a">Canas del Pozo, Edurne</subfield>
      <subfield code="e">author</subfield>
   </datafield>
   <datafield ind2=" " ind1=" " tag="260">
      <subfield code="c">2013-03</subfield>
   </datafield>
   <datafield ind2=" " ind1=" " tag="520">
      <subfield code="a">“Análisis y seguimiento de la Gestión Integral de la Obra de reforma de la&#xd;
planta 2ª del Centro Comercial Maremagnum”, es la reflexión critica, en&#xd;
primera persona, del trabajo realizado como Project Manager durante año y&#xd;
medio de mi carrera profesional, en una promoción que consistía en volver a&#xd;
poner en funcionamiento 4.000 m2 de espacio comercial, destinándolos a&#xd;
restauración.&#xd;
Se parte de una investigación y recopilación de información Técnica,&#xd;
Documental y económica de la promoción en cuestión.&#xd;
Se ha producido también un intercambio de impresiones y experiencias con la&#xd;
propia Dirección del Centro para el análisis del tipo de comercio implantado&#xd;
así como su éxito en la actualidad, de forma que se identificará si el modelo&#xd;
satisface las necesidades de los clientes y a su vez ofrece un rendimiento&#xd;
positivo para los diferentes comercios implantados en la 2ª planta.&#xd;
De esta forma pretendo crear un método de análisis que nos permita&#xd;
dimensionar y definir la tipología de obra comercial a realizar en otros centros&#xd;
de similares características.&#xd;
Por tanto, el objetivo de este trabajo es doble:&#xd;
- En primer lugar, generar un procedimiento de trabajo mediante la&#xd;
exposición de todos los trabajos que se han realizado para llevar a&#xd;
término una promoción comercial de esta envergadura, desde el&#xd;
predimensionado económico inicial hasta la posterior comercialización&#xd;
de los locales.&#xd;
- Y en segundo, hacer un análisis del resultado final para ver si se&#xd;
corresponde con las necesidades reales y requerimientos deseados por&#xd;
parte de los clientes del centro. Y creación de un modelo de análisis&#xd;
real de afluencia y tipología de la clientela, dando énfasis a las&#xd;
necesidades que se deben crear así como su promoción y venta&#xd;
El método utilizado es la descripción de todo el proceso mediante&#xd;
explicaciones, planos, imágenes, esquemas, y toda la documentación de&#xd;
trabajo que se ha utilizado durante la gestión del proyecto.&#xd;
Como complemento de estas explicaciones, este trabajo lleva anexos los&#xd;
documentos de los cuales se habla en el núcleo y que sirven para una&#xd;
completa comprensión de lo que se explica.&#xd;
El resultado obtenido en este proyecto final de grado, es la explicación de la&#xd;
gestión integral de una obra de reforma en un edificio comercial en cuatro&#xd;
capítulos, con diferentes apartados, cada uno interrelacionado y ordenados&#xd;
cronológicamente. Las conclusiones a las que se han llegado, ponen de manifiesto que se han&#xd;
detectado errores y carencias, al tiempo que se detallan las opciones de&#xd;
mejora observadas. En este sentido se da importancia al trabajo en equipo de&#xd;
los agentes intervinientes, el liderazgo del Project Manager en la gestión de&#xd;
procesos y la proactividad de la dirección facultativa y los contratistas. Pero&#xd;
sobre todo al coraje de Project Manager y a su capacidad de superación de&#xd;
problemas, de adaptación al entorno y mejora de los procesos de gestión&#xd;
establecidos.</subfield>
   </datafield>
   <datafield tag="653" ind2=" " ind1=" ">
      <subfield code="a">Àrees temàtiques de la UPC::Edificació::Indústria de la construcció</subfield>
   </datafield>
   <datafield tag="653" ind2=" " ind1=" ">
      <subfield code="a">Shopping centers</subfield>
   </datafield>
   <datafield tag="653" ind2=" " ind1=" ">
      <subfield code="a">Project management</subfield>
   </datafield>
   <datafield tag="653" ind2=" " ind1=" ">
      <subfield code="a">Management information systems</subfield>
   </datafield>
   <datafield tag="653" ind2=" " ind1=" ">
      <subfield code="a">Centres comercials -- Catalunya -- Barcelona</subfield>
   </datafield>
   <datafield tag="653" ind2=" " ind1=" ">
      <subfield code="a">Gestió de projectes</subfield>
   </datafield>
   <datafield tag="653" ind2=" " ind1=" ">
      <subfield code="a">Sistemes d'informació per a la gestió</subfield>
   </datafield>
   <datafield ind2="0" ind1="0" tag="245">
      <subfield code="a">Procedimiento de trabajo de Project Manager: seguimiento reforma planta 2ª Centro Comercial Maremágnum</subfield>
   </datafield>
</record></metadata></record></GetRecord></OAI-PMH>